[Event "DSOL 2021"]
[Site "Germany"]
[Date "2021.01.21"]
[Round "1.2"]
[White "Dietzulja"]
[Black "Chessplayer"]
[Result "1-0"]
[WhiteElo "1609"]
[BlackElo "1620"]
[Annotator "NA RC"]
[PlyCount "111"]
[EventDate "2021.01.18"]
[EventType "team-tourn"]
[EventCountry "GER"]
[SourceTitle "playchess.com"]
[Source "ChessBase"]
[SourceQuality "1"]

1. f4 Nf6 2. Nf3 d5 3. g3 g6 4. Bg2 Bg7 5. O-O O-O 6. d3 c5 7. c3 Nc6 8. Na3 Rb8 9. Ne5 Qc7 10. Qa4 Rd8 11. e4 dxe4 12. Nxc6 Qxc6 13. Qxc6 bxc6 14. dxe4 e5 15. Re1 Ba6 16. Bf1 Bxf1 17. Kxf1 exf4 18. gxf4 Nd7 19. Nc4 Nb6 20. Na5 Rd6 21. Be3 Na4 22. Nc4 Rd7 23. Rad1 Rbd8 24. Ke2 Kf8 25. Rxd7 Rxd7 26. Rd1 Ke7 27. Rxd7+ Kxd7 28. Kd3 Ke6 29. Bc1 h5 30. Na5 Kd7 31. Kc4 Bf8 32. b3 Nb6+ 33. Kd3 Kc7 34. Nc4 Bg7 35. Be3 Nd7 36. Nb2 Bf8 37. a4 Kd6 38. Nc4+ Kc7 39. a5 Bg7 40. e5 Bf8 41. Ke4 Be7 42. f5 gxf5+ 43. Kxf5 Nf8 44. Bg5 Kd7 45. Bxe7 Kxe7 46. Kg5 Ng6 47. Kxh5 Ke6 48. Kg5 Ne7 49. h4 Nd5 50. h5 f6+ 51. exf6 Nxf6 52. h6 Nh7+ 53. Kg6 Nf8+ 54. Kg7 Ke7 55. Ne5 Ne6+ 56. Kg8 1-0

[Event "DSOL 2021"]
[Site "Germany"]
[Date "2021.01.22"]
[Round "1.3"]
[White "Hefeplinse"]
[Black "EstelaPlateada"]
[Result "0-1"]
[WhiteElo "2040"]
[BlackElo "1620"]
[Annotator "TA"]
[PlyCount "80"]
[EventDate "2021.01.18"]
[EventType "team-tourn"]
[EventCountry "GER"]
[SourceTitle "playchess.com"]
[Source "ChessBase"]
[SourceQuality "1"]
[WhiteTeam "SK Rochade Augsburg"]
[BlackTeam "SC Roter Turm Altstadt I"]

1. d4 g6 2. c4 Bg7 3. Nc3 c5 4. Nf3 cxd4 5. Nxd4 Nc6 6. e3 Nf6 7. Be2 O-O 8. O-O d5 9. cxd5 Nxd5 10. Nxd5 Qxd5 11. Bf3 Qc5 12. Nxc6 bxc6 13. Qa4 Rd8 14. Qxc6 Qxc6 15. Bxc6 Rb8 16. Ba4 Bf5 17. Bb3 Rbc8 18. Rd1 Rxd1+ 19. Bxd1 h5 20. Kf1 Bd3+ 21. Ke1 Be5 22. g3 Kg7 23. a4 Rc7 24. Kd2 Bf5 25. f3 Rd7+ 26. Ke1 Rb7 27. e4 Be6 28. Ra3 Bxb2 29. Bxb2+ Rxb2 30. Be2 a5 31. Rd3 Ra2 32. Rd4 Bb3 33. Bb5 Rxh2 34. Rd7 Rg2 35. Rxe7 Rxg3 36. Kf2 h4 37. Ra7 Bd1 38. Be2 Bxe2 39. Kxe2 h3 40. Kf2 h2 0-1

[Event "DSOL 2021"]
[Site "Germany"]
[Date "2021.01.21"]
[Round "1.3"]
[White "Ailton_32"]
[Black "Tposske"]
[Result "1-0"]
[WhiteElo "1945"]
[BlackElo "1809"]
[Annotator "NA RC"]
[PlyCount "87"]
[EventDate "2021.01.18"]
[EventType "team-tourn"]
[EventCountry "GER"]
[SourceTitle "playchess.com"]
[Source "ChessBase"]
[SourceQuality "1"]

1. d4 d5 2. c4 c6 3. Nf3 e6 4. Qc2 Nf6 5. g3 Bb4+ 6. Bd2 Qa5 7. a3 Bxd2+ 8. Nbxd2 dxc4 9. Qxc4 O-O 10. Bg2 Ne4 11. b4 Nxd2 12. Nxd2 Qh5 13. Nf3 Nd7 14. Qc3 e5 15. Nxe5 Nxe5 16. dxe5 Re8 17. f4 Bh3 18. Bf3 Qg6 19. e4 Rad8 20. Kf2 f6 21. exf6 Rxe4 22. Rad1 Rde8 23. Qb3+ Be6 24. Bxe4 Qxe4 25. Qd3 Qxd3 26. Rxd3 gxf6 27. Re1 Kf7 28. Rde3 Bd7 29. Rxe8 Bxe8 30. Ke3 Bd7 31. Kd4 b6 32. a4 Be6 33. a5 Bf5 34. Rc1 Bd7 35. axb6 axb6 36. Ra1 c5+ 37. bxc5 bxc5+ 38. Kxc5 Kg6 39. Kd6 Bg4 40. Ke7 f5 41. Kf8 Bf3 42. Ra6+ Kh5 43. Kg7 Bd5 44. h3 1-0

[Event "DSOL 2021"]
[Site "Germany"]
[Date "2021.01.21"]
[Round "1.3"]
[White "Not Taron"]
[Black "Phille"]
[Result "1-0"]
[WhiteElo "1875"]
[BlackElo "1620"]
[Annotator "NA RC"]
[PlyCount "43"]
[EventDate "2021.01.18"]
[EventType "team-tourn"]
[EventCountry "GER"]
[SourceTitle "playchess.com"]
[Source "ChessBase"]
[SourceQuality "1"]

1. d4 Nf6 2. c4 e6 3. Nf3 d5 4. g3 dxc4 5. Qa4+ Nbd7 6. Qxc4 a6 7. Qd3 b6 8. Bg2 Bb7 9. Nc3 c5 10. O-O b5 11. a3 cxd4 12. Qxd4 Nc5 13. b4 Bxf3 14. Qxd8+ Rxd8 15. Bxf3 Nb3 16. Ra2 Nxc1 17. Rxc1 Rd6 18. a4 bxa4 19. Rxa4 Be7 20. b5 axb5 21. Nxb5 Rd8 22. Ra7 1-0

[Event "DSOL 2021"]
[Site "Germany"]
[Date "2021.01.21"]
[Round "1.3"]
[White "Josim"]
[Black "MarijanSKE"]
[Result "1-0"]
[WhiteElo "1826"]
[BlackElo "1620"]
[Annotator "NA RC"]
[PlyCount "87"]
[EventDate "2021.01.18"]
[EventType "team-tourn"]
[EventCountry "GER"]
[SourceTitle "playchess.com"]
[Source "ChessBase"]
[SourceQuality "1"]

1. d4 d6 2. Nf3 Bg4 3. e3 Nf6 4. Be2 e6 5. O-O Be7 6. b3 O-O 7. Bb2 d5 8. Nbd2 Nbd7 9. c4 c6 10. Ne5 Bxe2 11. Qxe2 Re8 12. Rad1 Bf8 13. f4 g6 14. g4 Bg7 15. Qg2 a5 16. a3 a4 17. b4 dxc4 18. Ndxc4 Nb6 19. e4 Nxc4 20. Nxc4 Qc7 21. h3 Rad8 22. Qc2 Nd7 23. Qxa4 b5 24. Qa5 Qb8 25. Ne5 Qb7 26. d5 Nxe5 27. Bxe5 Ra8 28. Qc7 Qxc7 29. Bxc7 exd5 30. exd5 cxd5 31. Rxd5 Rxa3 32. Rxb5 Rxh3 33. Kg2 Rb3 34. Rf3 Rb2+ 35. Rf2 Rb3 36. Bd6 Bd4 37. Rd2 Bc3 38. Rc2 Be1 39. g5 h5 40. gxh6 Kh7 41. Rb7 Kxh6 42. Rxf7 Rg3+ 43. Kf1 Bc3 44. Rh2+ 1-0

[Event "DSOL 2021"]
[Site "Germany"]
[Date "2021.01.22"]
[Round "1.3"]
[White "Chessy99"]
[Black "Cataris"]
[Result "1-0"]
[WhiteElo "1810"]
[BlackElo "1734"]
[Annotator "NA RC"]
[PlyCount "64"]
[EventDate "2021.01.18"]
[EventType "team-tourn"]
[EventCountry "GER"]
[SourceTitle "playchess.com"]
[Source "ChessBase"]
[SourceQuality "1"]
[WhiteTeam "SG Porz I"]
[BlackTeam "SK Dessau I"]

1. d4 Nf6 2. c4 g6 3. Nc3 Bg7 4. e4 d6 5. Be2 O-O 6. Be3 e5 7. d5 c6 8. g4 Qa5 9. f3 b5 10. cxb5 cxd5 11. exd5 e4 12. g5 exf3 13. Bxf3 Ng4 14. Bd4 Qb4 15. Bxg7 Kxg7 16. Nge2 Re8 17. Qd2 Ne3 18. Ne4 Nc2+ 19. Kd1 Qxd2+ 20. Kxd2 Nxa1 21. Nxd6 Rd8 22. Nxc8 Nd7 23. Ne7 Ne5 24. Bg2 Rab8 25. Nd4 Rd7 26. Nec6 Nxc6 27. bxc6 Re7 28. d6 Re5 29. c7 Rxb2+ 30. Kc3 Rxg2 31. c8=Q Re3+ 32. Kc4 Rxa2 1-0

[Event "DSOL 2021"]
[Site "Germany"]
[Date "2021.01.22"]
[Round "1.3"]
[White "Amatör94"]
[Black "Haudraufrudi"]
[Result "0-1"]
[WhiteElo "1620"]
[BlackElo "1620"]
[Annotator "NA RC"]
[PlyCount "78"]
[EventDate "2021.01.18"]
[EventType "team-tourn"]
[EventCountry "GER"]
[SourceTitle "playchess.com"]
[Source "ChessBase"]
[SourceQuality "1"]
[WhiteTeam "SF Heidesheim I"]
[BlackTeam "SC Zitadelle Spandau "]

1. Nf3 d5 2. g3 c5 3. Bg2 Nc6 4. O-O e5 5. d3 Nf6 6. c4 d4 7. b4 cxb4 8. a3 a5 9. axb4 Bxb4 10. Ba3 Nd7 11. Bxb4 Nxb4 12. Na3 O-O 13. Qd2 Ra6 14. Rfb1 Qe7 15. Nb5 Nc5 16. Ra3 Nc6 17. Qa2 a4 18. Nd2 f5 19. e3 Rd8 20. Bd5+ Kh8 21. exd4 Nxd4 22. Nxd4 exd4 23. Nf3 Qf6 24. Rb5 b6 25. Qb2 Bd7 26. Rb4 Re8 27. Kg2 Qh6 28. h4 f4 29. Ng5 Rf8 30. Qxd4 Qd6 31. Qb2 Bc6 32. Ne4 Bxd5 33. cxd5 Qxd5 34. Rxb6 Nxd3 35. Rxd3 Rxb6 36. Qxb6 Qxd3 37. Ng5 f3+ 38. Kh2 h6 39. Qc5 Qf5 0-1

[Event "DSOL 2021"]
[Site "Germany"]
[Date "2021.01.22"]
[Round "1.3"]
[White "Ego1"]
[Black "Bertiewooster"]
[Result "1-0"]
[WhiteElo "1620"]
[BlackElo "1620"]
[Annotator "NA RC"]
[PlyCount "57"]
[EventDate "2021.01.18"]
[EventType "team-tourn"]
[EventCountry "GER"]
[SourceTitle "playchess.com"]
[Source "ChessBase"]
[SourceQuality "1"]
[WhiteTeam "SF Deizisau I"]
[BlackTeam "SK Bad Homburg I"]

1. e4 c5 2. Nf3 d6 3. d4 cxd4 4. Nxd4 Nf6 5. Nc3 g6 6. Be3 Bg7 7. Be2 O-O 8. Qd2 Nc6 9. O-O-O Ng4 10. Bxg4 Bxg4 11. f3 Bd7 12. Kb1 Ne5 13. Bh6 Nc4 14. Qg5 Qb6 15. Nb3 Bxh6 16. Qxh6 Be6 17. Nd5 Bxd5 18. exd5 Rac8 19. Rhe1 a5 20. Re4 Qc7 21. Nd4 Qb6 22. b3 Na3+ 23. Kb2 Nc4+ 24. Kc1 Qb4 25. bxc4 Qa3+ 26. Kd2 Qb4+ 27. c3 Qxc4 28. Rh4 Qxc3+ 29. Ke2 1-0

[Event "DSOL 2021"]
[Site "Germany"]
[Date "2021.01.22"]
[Round "1.3"]
[White "Frankvh"]
[Black "Cbraun"]
[Result "1/2-1/2"]
[WhiteElo "1620"]
[BlackElo "1620"]
[Annotator "NA RC"]
[PlyCount "50"]
[EventDate "2021.01.18"]
[EventType "team-tourn"]
[EventCountry "GER"]
[SourceTitle "playchess.com"]
[Source "ChessBase"]
[SourceQuality "1"]
[WhiteTeam "SF Berlin "]
[BlackTeam "Bayern München I"]

1. c4 c5 2. g3 e6 3. Bg2 d5 4. Nf3 Nf6 5. O-O Be7 6. b3 O-O 7. Bb2 Nc6 8. e3 b6 9. d4 Bb7 10. Nbd2 Rc8 11. Qe2 Qc7 12. Rfd1 Rfd8 13. Rac1 Qb8 14. Ne5 Nxe5 15. dxe5 Nd7 16. f4 Nf8 17. Nf3 dxc4 18. Qxc4 Rxd1+ 19. Rxd1 Rd8 20. Qe2 Qa8 21. Rxd8 Qxd8 22. Qd2 Qxd2 23. Nxd2 Bxg2 24. Kxg2 Nd7 25. a4 a6 1/2-1/2

[Event "DSOL 2021"]
[Site "Germany"]
[Date "2021.01.22"]
[Round "1.3"]
[White "Kalahasi"]
[Black "Raskolnikov6"]
[Result "1/2-1/2"]
[WhiteElo "1620"]
[BlackElo "1620"]
[Annotator "NA RC"]
[PlyCount "155"]
[EventDate "2021.01.18"]
[EventType "team-tourn"]
[EventCountry "GER"]
[SourceTitle "playchess.com"]
[Source "ChessBase"]
[SourceQuality "1"]
[WhiteTeam "SV Walldorf I"]
[BlackTeam "SV Osnabrück"]

1. e4 c5 2. c3 Nf6 3. e5 Nd5 4. d4 cxd4 5. Nf3 Nc6 6. Bc4 Nb6 7. Bb3 d5 8. exd6 Qxd6 9. Nxd4 Nxd4 10. cxd4 Be6 11. Nc3 Bxb3 12. Qxb3 e6 13. O-O Be7 14. Nb5 Qd8 15. Bf4 Nd5 16. Be5 O-O 17. Nc3 Qd7 18. Nxd5 Qxd5 19. Qxd5 exd5 20. Rfe1 Bb4 21. Re3 Bd2 22. Rb3 b6 23. Rd1 Rac8 24. Ra3 f6 25. Bb8 Rc2 26. Bxa7 Rxb2 27. Rb3 Rxa2 28. Bxb6 Rb8 29. g3 Ba5 30. Rdb1 Bxb6 31. Rxb6 Rxb6 32. Rxb6 Ra4 33. Rb7 Rxd4 34. Rd7 h5 35. Kf1 h4 36. gxh4 Rxh4 37. Rxd5 Rxh2 38. Kg1 Rh4 39. Kg2 Ra4 40. Kg3 Kf7 41. Rd7+ Kg6 42. Rb7 Kh6 43. Rb6 Kh5 44. Rb5+ g5 45. Rf5 Kg6 46. Rb5 f5 47. Rb8 Ra3+ 48. Kg2 Kh5 49. Rb4 g4 50. Rb8 Kh4 51. Rh8+ Kg5 52. Rb8 Ra2 53. Rb7 Kf4 54. Rb4+ Kg5 55. Rb8 Re2 56. Rb7 Kf4 57. Rb4+ Re4 58. Rb8 Ra4 59. Rb7 Ra5 60. Rb4+ Ke5 61. Rb8 f4 62. Re8+ Kf5 63. Rg8 Re5 64. Rg7 Re6 65. Rg8 Rg6 66. Re8 g3 67. fxg3 Rxg3+ 68. Kf2 Rg5 69. Rf8+ Kg4 70. Ra8 Rg7 71. Rb8 Re7 72. Rg8+ Kf5 73. Rf8+ Ke4 74. Ra8 Re5 75. Ra4+ Kf5 76. Ra8 Re6 77. Rf8+ Ke5 78. Kf3 1/2-1/2

[Event "DSOL 2021"]
[Site "Germany"]
[Date "2021.01.21"]
[Round "1.3"]
[White "Putzi54"]
[Black "Kracher"]
[Result "0-1"]
[WhiteElo "1620"]
[BlackElo "1549"]
[Annotator "NA RC"]
[PlyCount "99"]
[EventDate "2021.01.18"]
[EventType "team-tourn"]
[EventCountry "GER"]
[SourceTitle "playchess.com"]
[Source "ChessBase"]
[SourceQuality "1"]

1. d4 Nf6 2. c4 e6 3. g3 d5 4. Bg2 c5 5. Nf3 Be7 6. O-O O-O 7. cxd5 Nxd5 8. e4 Nf6 9. Nc3 cxd4 10. Nxd4 a6 11. e5 Nd5 12. Nxd5 exd5 13. Be3 Nc6 14. Nxc6 bxc6 15. Rc1 Bb7 16. Bc5 Bxc5 17. Rxc5 Qb6 18. Qd4 Qd8 19. h4 Qe7 20. Re1 Rfe8 21. Re3 Qe6 22. Kh2 Bc8 23. Rcc3 Bd7 24. Rb3 Reb8 25. Rb6 Rxb6 26. Qxb6 Qe8 27. b4 Qc8 28. a3 Rb8 29. Qa7 Ra8 30. Qc5 Qd8 31. Rb3 Qf8 32. Rc3 Qb8 33. Qe7 Qe8 34. Qd6 a5 35. bxa5 Rxa5 36. Bh3 Bxh3 37. Kxh3 Qc8+ 38. Kg2 h6 39. Rxc6 Qa8 40. e6 fxe6 41. Qxe6+ Kh7 42. Rc8 Qb7 43. Qg8+ Kg6 44. Qe8+ Kh7 45. h5 d4+ 46. f3 Rxh5 47. Qg8+ Kg6 48. Qe8+ Kh7 49. Rb8 Qa7 50. Qe4+ 0-1

[Event "DSOL 2021"]
[Site "Germany"]
[Date "2021.01.22"]
[Round "1.3"]
[White "Schachbrettchen"]
[Black "Fabian Brockmann"]
[Result "0-1"]
[WhiteElo "1620"]
[BlackElo "1648"]
[Annotator "NA RC"]
[PlyCount "176"]
[EventDate "2021.01.18"]
[EventType "team-tourn"]
[EventCountry "GER"]
[SourceTitle "playchess.com"]
[Source "ChessBase"]
[SourceQuality "1"]
[WhiteTeam "Bayern München II Amazonen"]
[BlackTeam "Dortmunder SV"]

1. e4 c5 2. Nf3 g6 3. d4 cxd4 4. Nxd4 Nf6 5. Nc3 Nc6 6. Be3 Bg7 7. Bc4 Qa5 8. O-O O-O 9. Nb3 Qc7 10. f4 d6 11. h3 Bd7 12. f5 Ne5 13. Be2 Nc4 14. Bc1 Qb6+ 15. Kh2 Ne3 16. Bxe3 Qxe3 17. Rf3 Qb6 18. fxg6 hxg6 19. Rb1 Bc6 20. Nd5 Bxd5 21. exd5 Nd7 22. Qg1 Qc7 23. c3 Ne5 24. Rff1 a6 25. Qe3 Rac8 26. Rbd1 Rfe8 27. Qf4 Qb6 28. g3 Rf8 29. Rd2 Rc7 30. Nd4 Nc4 31. Rc2 Bxd4 32. Qxd4 Rfc8 33. Qxb6 Nxb6 34. Bf3 Rc5 35. Rd1 Nc4 36. Re2 Ne5 37. Bg2 b5 38. Re4 R8c7 39. Red4 Kg7 40. a4 Rc4 41. axb5 axb5 42. g4 Rxd4 43. Rxd4 Rc4 44. Rxc4 Nxc4 45. b3 Nd2 46. Kg3 Kf6 47. Kf4 g5+ 48. Ke3 Nxb3 49. Bf1 Ke5 50. Bxb5 Kxd5 51. Kd3 Nc5+ 52. Ke3 Ke5 53. Be8 f6 54. c4 e6 55. Bb5 f5 56. gxf5 exf5 57. Kf3 Ne6 58. Ba6 Nd4+ 59. Ke3 Ne6 60. Kf3 Nf4 61. Kg3 Ke4 62. Bc8 Nh5+ 63. Kf2 Kf4 64. Be6 Nf6 65. Kg2 Ne4 66. Bd5 Ke3 67. Be6 f4 68. Bg4 Nd2 69. h4 f3+ 70. Bxf3 Nxf3 71. h5 Kf4 72. h6 Nh4+ 73. Kf2 Ng6 74. Ke2 Ke4 75. Kd2 Kd4 76. Ke2 Kxc4 77. Kf3 Kd5 78. Kg4 Ke6 79. Kxg5 Kf7 80. Kf5 Ne7+ 81. Kg5 Kg8 82. Kf6 Kh7 83. Kg5 d5 84. Kh5 d4 85. Kg4 Kxh6 86. Kf4 Nc6 87. Ke4 Kg5 88. Kd3 Kf4 0-1

[Event "DSOL 2021"]
[Site "Germany"]
[Date "2021.01.22"]
[Round "1.3"]
[White "pancake10"]
[Black "Alexander Probst"]
[Result "1/2-1/2"]
[WhiteElo "1620"]
[BlackElo "1507"]
[Annotator "NA RC"]
[PlyCount "71"]
[EventDate "2021.01.18"]
[EventType "team-tourn"]
[EventCountry "GER"]
[SourceTitle "playchess.com"]
[Source "ChessBase"]
[SourceQuality "1"]
[WhiteTeam "Lübecker SV"]
[BlackTeam "SC Bad Wimpfen"]

1. e4 e5 2. Nf3 Nf6 3. Nxe5 d6 4. Nf3 Nxe4 5. d4 d5 6. Bd3 Nc6 7. O-O Be7 8. c3 O-O 9. Re1 Bf5 10. Bf4 Bd6 11. Bxd6 Qxd6 12. Qc2 Rfe8 13. Nbd2 Nxd2 14. Qxd2 Bg4 15. Re3 Re7 16. Rxe7 Qxe7 17. Re1 Qf6 18. Ne5 Nxe5 19. Rxe5 Be6 20. f4 g6 21. f5 gxf5 22. Qf4 Kh8 23. Bxf5 Rg8 24. Qf2 Rg5 25. Bxe6 Qxf2+ 26. Kxf2 Rxe5 27. dxe5 fxe6 28. Ke3 Kg7 29. Kf4 Kg6 30. g4 c5 31. h4 h6 32. h5+ Kg7 33. a4 b6 34. b3 a6 35. b4 a5 36. b5 1/2-1/2

[Event "DSOL 2021"]
[Site "Germany"]
[Date "2021.01.22"]
[Round "1.4"]
[White "Jhhonnyy"]
[Black "RubenKoellner"]
[Result "1-0"]
[WhiteElo "1875"]
[BlackElo "1708"]
[Annotator "NA RC"]
[PlyCount "133"]
[EventDate "2021.01.18"]
[EventType "team-tourn"]
[EventCountry "GER"]
[SourceTitle "playchess.com"]
[Source "ChessBase"]
[SourceQuality "1"]
[WhiteTeam "SK Bad Homburg I"]
[BlackTeam "SF Deizisau I"]

1. d4 d6 2. c4 e5 3. Nc3 Nc6 4. Nf3 g6 5. g3 Bg7 6. Bg5 f6 7. Be3 f5 8. Bg5 Qd7 9. dxe5 dxe5 10. Nb5 Qf7 11. Qd5 e4 12. O-O-O Nf6 13. Ne5 Nxd5 14. Nxf7 Kxf7 15. cxd5 Ne5 16. Nxc7 Rb8 17. e3 Bd7 18. Nb5 Bxb5 19. Bxb5 a6 20. Be2 Rbc8+ 21. Kb1 h6 22. Bf4 g5 23. Bh5+ Ke7 24. d6+ Kd7 25. Bxe5 Bxe5 26. g4 Rc6 27. Bg6 Rxd6 28. Bxf5+ Ke7 29. Rxd6 Bxd6 30. Bxe4 b6 31. h4 Be5 32. hxg5 hxg5 33. Rxh8 Bxh8 34. b3 Be5 35. Kc2 a5 36. Kd3 Kf6 37. Bf5 Bh2 38. Ke4 Bd6 39. Bc8 Bb8 40. f4 b5 41. fxg5+ Kxg5 42. Kd5 b4 43. e4 Kf4 44. Bf5 Bc7 45. Ke6 Bd8 46. Kd5 Bf6 47. Bd7 Bg7 48. Ke6 Bd4 49. Kf7 Be5 50. Kg6 Bc7 51. g5 Bd8 52. e5 Kxe5 53. Kh6 Kd6 54. Bg4 Ke5 55. g6 Bf6 56. g7 Bxg7+ 57. Kxg7 Kd4 58. Bd7 Kc3 59. Ba4 Kb2 60. Kf6 Kxa2 61. Ke5 Kb2 62. Kd5 Kc3 63. Kc5 Kd3 64. Kb5 Kd4 65. Kxa5 Kc5 66. Bb5 Kd6 67. Kxb4 1-0

[Event "DSOL 2021"]
[Site "Germany"]
[Date "2021.01.22"]
[Round "1.4"]
[White "Helije"]
[Black "Grimey"]
[Result "1/2-1/2"]
[WhiteElo "1781"]
[BlackElo "1873"]
[Annotator "NA RC"]
[PlyCount "96"]
[EventDate "2021.01.18"]
[EventType "team-tourn"]
[EventCountry "GER"]
[SourceTitle "playchess.com"]
[Source "ChessBase"]
[SourceQuality "1"]
[WhiteTeam "SC Bad Wimpfen"]
[BlackTeam "Lübecker SV"]

1. d4 Nf6 2. Nf3 e6 3. c4 b6 4. Nc3 Bb4 5. Bg5 h6 6. Bh4 g5 7. Bg3 Ne4 8. Qc2 Bb7 9. e3 d6 10. Bd3 Bxc3+ 11. bxc3 f5 12. d5 Na6 13. O-O Nac5 14. Nd4 Qf6 15. f4 Nxd3 16. Qxd3 Nc5 17. Qc2 O-O-O 18. a4 a5 19. fxg5 Qxg5 20. Rf4 Rde8 21. Raf1 Rhf8 22. e4 Qg8 23. exf5 e5 24. Rh4 exd4 25. cxd4 Nd7 26. Rxh6 Qg7 27. Re6 Qxd4+ 28. Bf2 Qg7 29. Qe2 Rxe6 30. fxe6 Ne5 31. Bg3 Re8 32. Bxe5 Qxe5 33. Qxe5 dxe5 34. h4 Ba6 35. Rc1 c6 36. h5 Kc7 37. h6 Rh8 38. Rf1 Rxh6 39. Rf7+ Kd8 40. Rf8+ Ke7 41. Rf7+ Ke8 42. c5 bxc5 43. Ra7 Bc4 44. dxc6 Bxe6 45. Rxa5 Kd8 46. Rxc5 e4 47. Kf2 Kc7 48. Ke3 Rg6 1/2-1/2

[Event "DSOL 2021"]
[Site "Germany"]
[Date "2021.01.22"]
[Round "1.4"]
[White "Sven"]
[Black "DwayneTheRob"]
[Result "1-0"]
[WhiteElo "1641"]
[BlackElo "1686"]
[Annotator "NA RC"]
[PlyCount "89"]
[EventDate "2021.01.18"]
[EventType "team-tourn"]
[EventCountry "GER"]
[SourceTitle "playchess.com"]
[Source "ChessBase"]
[SourceQuality "1"]
[WhiteTeam "SK Dessau I"]
[BlackTeam "SG Porz I"]

1. e4 c6 2. d4 d5 3. Nc3 dxe4 4. Nxe4 Bf5 5. Ng3 Bg6 6. Nf3 Nd7 7. h4 h6 8. h5 Bh7 9. Bd3 Bxd3 10. Qxd3 e6 11. Bd2 Ngf6 12. O-O-O Be7 13. Ne4 Nxe4 14. Qxe4 Nf6 15. Qe2 Qd5 16. Kb1 O-O 17. c4 Qe4+ 18. Qxe4 Nxe4 19. Be3 Rfd8 20. Nd2 Nxd2+ 21. Rxd2 b5 22. Rc1 Rd7 23. cxb5 cxb5 24. Rdc2 Rad8 25. Rc7 Bf6 26. Rxd7 Rxd7 27. Rc8+ Kh7 28. Ra8 Bd8 29. d5 Rxd5 30. Rxa7 f5 31. a4 bxa4 32. Rxa4 e5 33. Rc4 Kg8 34. Rc5 Rxc5 35. Bxc5 Kf7 36. b4 Ke6 37. Kc2 Kd5 38. Kb3 e4 39. Be3 Bc7 40. g3 Be5 41. b5 Bd6 42. Ka4 Bc7 43. b6 Be5 44. Kb5 Bb8 45. Bf4 1-0

[Event "DSOL 2021"]
[Site "Germany"]
[Date "2021.01.22"]
[Round "1.4"]
[White "Christoph_S"]
[Black "Mariannne"]
[Result "0-1"]
[WhiteElo "1620"]
[BlackElo "1620"]
[Annotator "NA RC"]
[PlyCount "74"]
[EventDate "2021.01.18"]
[EventType "team-tourn"]
[EventCountry "GER"]
[SourceTitle "playchess.com"]
[Source "ChessBase"]
[SourceQuality "1"]
[WhiteTeam "Dortmunder SV"]
[BlackTeam "Bayern München II Amazonen"]

1. d4 Nf6 2. c4 e6 3. Nc3 d5 4. cxd5 exd5 5. Bg5 c6 6. Qc2 h6 7. Bh4 Bd6 8. e3 O-O 9. Bd3 Be6 10. Nge2 Nbd7 11. O-O Qc7 12. Bg3 Rfe8 13. Rfc1 a6 14. Nf4 Nf8 15. Rab1 Rac8 16. b4 Qe7 17. Qb3 N8h7 18. Nxe6 Qxe6 19. e4 Bxg3 20. hxg3 Nxe4 21. Re1 Qf6 22. Qc2 Nhg5 23. f4 Qxd4+ 24. Kh2 Qxc3 25. Qe2 Ne6 26. Bxe4 dxe4 27. Rb3 Qf6 28. Qxe4 Nc7 29. Qb1 Rxe1 30. Qxe1 Re8 31. Re3 Rxe3 32. Qxe3 Qe6 33. Qb6 Qc8 34. a4 Nd5 35. Qd4 Qe6 36. a5 Qe3 37. Qa7 Qxa7 0-1

[Event "DSOL 2021"]
[Site "Germany"]
[Date "2021.01.22"]
[Round "1.4"]
[White "DarkDeeds"]
[Black "Kingberzerk"]
[Result "1-0"]
[WhiteElo "1620"]
[BlackElo "1620"]
[Annotator "NA RC"]
[PlyCount "67"]
[EventDate "2021.01.18"]
[EventType "team-tourn"]
[EventCountry "GER"]
[SourceTitle "playchess.com"]
[Source "ChessBase"]
[SourceQuality "1"]
[WhiteTeam "Bayern München I"]
[BlackTeam "SF Berlin I"]

1. d4 Nf6 2. c4 g6 3. Nc3 Bg7 4. e4 d6 5. Bd3 Nc6 6. Nge2 a6 7. f3 Rb8 8. Be3 Nd7 9. O-O e5 10. d5 Nd4 11. Bb1 Nxe2+ 12. Qxe2 O-O 13. b4 f5 14. c5 Rf7 15. c6 Nf6 16. a4 fxe4 17. fxe4 Ng4 18. Rxf7 Kxf7 19. b5 Nxe3 20. Qxe3 Ra8 21. Qf2+ Kg8 22. Bd3 axb5 23. cxb7 Bxb7 24. Bxb5 Qf8 25. Bc6 Qxf2+ 26. Kxf2 Bxc6 27. dxc6 Bf6 28. Nd5 Bd8 29. a5 Ra6 30. Nb4 Ra7 31. a6 Kf7 32. Nd5 Ke8 33. Ke3 Bh4 34. Nxc7+ 1-0

[Event "DSOL 2021"]
[Site "Germany"]
[Date "2021.01.21"]
[Round "1.4"]
[White "Teona"]
[Black "Werderjonny"]
[Result "0-1"]
[WhiteElo "1620"]
[BlackElo "1620"]
[Annotator "NA RC"]
[PlyCount "56"]
[EventDate "2021.01.18"]
[EventType "team-tourn"]
[EventCountry "GER"]
[SourceTitle "playchess.com"]
[Source "ChessBase"]
[SourceQuality "1"]

1. d4 g6 2. g3 Bg7 3. Bg2 d6 4. Nf3 c6 5. O-O Bg4 6. d5 Nf6 7. dxc6 Nxc6 8. Nd4 Qd7 9. c3 O-O 10. Nxc6 bxc6 11. Qa4 Rfc8 12. Re1 Bh3 13. Bh1 Rab8 14. Na3 d5 15. e4 dxe4 16. Bxe4 Nxe4 17. Qxe4 e5 18. Nc4 Re8 19. Be3 Qe6 20. Bxa7 Rbd8 21. Rad1 Bf5 22. Qe2 Bg4 23. Rxd8 Bxe2 24. Rxe8+ Qxe8 25. Rxe2 Qd7 26. Rd2 Qxa7 27. Rd8+ Bf8 28. Nxe5 Qe7 0-1

[Event "DSOL 2021"]
[Site "Germany"]
[Date "2021.01.22"]
[Round "1.4"]
[White "Tonypsilon"]
[Black "Dilithium"]
[Result "1/2-1/2"]
[WhiteElo "1620"]
[BlackElo "1620"]
[Annotator "NA RC"]
[PlyCount "113"]
[EventDate "2021.01.18"]
[EventType "team-tourn"]
[EventCountry "GER"]
[SourceTitle "playchess.com"]
[Source "ChessBase"]
[SourceQuality "1"]
[WhiteTeam "SC Zitadelle Spandau "]
[BlackTeam "SF Heidesheim I"]

1. c4 d6 2. g3 g6 3. Bg2 Bg7 4. Nc3 Nf6 5. Nf3 O-O 6. O-O e5 7. d3 Nc6 8. Rb1 a5 9. a3 h6 10. b4 axb4 11. axb4 Nd7 12. e4 f5 13. Nh4 Kh7 14. exf5 gxf5 15. Nd5 Nf6 16. Nxf6+ Qxf6 17. f4 exf4 18. Bb2 Qg5 19. Bxg7 Qxg7 20. Rxf4 Nd4 21. Kh1 Ra2 22. Qh5 Ne2 23. Nxf5 Qg5 24. Qxg5 hxg5 25. Rff1 Bxf5 26. Rxf5 Rxf5 27. Be4 Nd4 28. Rf1 Kg6 29. g4 Kf6 30. Bxf5 Ke5 31. b5 b6 32. Be4 Ne6 33. Rf5+ Kd4 34. Bd5 Ra1+ 35. Kg2 Nf4+ 36. Kg3 Rg1+ 37. Kf3 Rf1+ 38. Kg3 Rg1+ 39. Kf2 Nh3+ 40. Ke2 Rxg4 41. Kf3 Rg1 42. Be4 g4+ 43. Ke2 Ra1 44. Rd5+ Kc3 45. Rf5 Ra2+ 46. Ke3 Rxh2 47. Rf7 g3 48. Rxc7 g2 49. Bxg2 Rxg2 50. Rc6 Rg3+ 51. Ke4 Rxd3 52. Rxb6 Nf2+ 53. Kf5 Kxc4 54. Ke6 Kc5 55. Rc6+ Kxb5 56. Rxd6 Rxd6+ 57. Kxd6 1/2-1/2

[Event "DSOL 2021"]
[Site "Germany"]
[Date "2021.01.21"]
[Round "1.4"]
[White "TorHer"]
[Black "Enno Striebeck"]
[Result "1-0"]
[WhiteElo "1620"]
[BlackElo "1637"]
[Annotator "NA RC"]
[PlyCount "71"]
[EventDate "2021.01.18"]
[EventType "team-tourn"]
[EventCountry "GER"]
[SourceTitle "playchess.com"]
[Source "ChessBase"]
[SourceQuality "1"]

1. e4 d5 2. exd5 Qxd5 3. Nc3 Qd8 4. d4 Nf6 5. Nf3 e6 6. Bg5 Be7 7. Bd3 O-O 8. O-O b6 9. Qe2 Bb7 10. Rad1 Nbd7 11. Ne5 Qc8 12. Rfe1 Re8 13. Nxf7 Kxf7 14. Qxe6+ Kf8 15. Bc4 Nd5 16. Bxd5 Bxd5 17. Bxe7+ Rxe7 18. Qxe7+ Kg8 19. Nxd5 Nf8 20. Qg5 Ng6 21. Ne7+ Nxe7 22. Rxe7 Qf8 23. Rde1 Rd8 24. Rxg7+ Kh8 25. Rxh7+ Kxh7 26. Re7+ Qxe7 27. Qxe7+ Kg6 28. Qxd8 b5 29. Qxc7 b4 30. d5 b3 31. axb3 a5 32. d6 a4 33. d7 a3 34. d8=Q Kf5 35. Qd5+ Kf6 36. Qcc6+ 1-0